Southville International School and Colleges
Your cart is empty.
  • Cart
  • Lists
    Public lists Eva Luna New books Lux_list list_1
    Your lists Log in to create your own lists
  • Log in to your account
  • Your cookies
  • Search history
Southville International School and Colleges
  • Advanced search
  • Recent comments
  • Most popular
  • Libraries

Log in to your account

Log in with GOOGLE


If you do not have an external account, but do have a local account, you can still log in:

  1. Home
  2. MARC view: How to be a presentation god :
Normal view MARC view ISBD view

How to be a presentation god : (Record no. 275367)

[ view plain ]
MARC details
000 -LEADER
fixed length control field 01579cam a2200361 a 4500
001 - CONTROL NUMBER
control field 16936709
005 - DATE AND TIME OF LATEST TRANSACTION
control field 20140903113008.0
008 - FIXED-LENGTH DATA ELEMENTS--GENERAL INFORMATION
fixed length control field 110826s2011 njua 001 0 eng
010 ## - LIBRARY OF CONGRESS CONTROL NUMBER
LC control number 2011284174
015 ## - NATIONAL BIBLIOGRAPHY NUMBER
National bibliography number GBB0B0397
Source bnb
016 7# - NATIONAL BIBLIOGRAPHIC AGENCY CONTROL NUMBER
Record control number 015649149
Source Uk
020 ## - INTERNATIONAL STANDARD BOOK NUMBER
International Standard Book Number 9780470915844
020 ## - INTERNATIONAL STANDARD BOOK NUMBER
International Standard Book Number 0470915846
035 ## - SYSTEM CONTROL NUMBER
System control number (OCoLC)ocn662400217
040 ## - CATALOGING SOURCE
Original cataloging agency UKM
Transcribing agency UKM
Modifying agency BTCTA
-- YDXCP
-- BKX
-- VP@
-- TWJ
-- CDX
-- DMZ
-- DLC
042 ## - AUTHENTICATION CODE
Authentication code lccopycat
050 00 - LIBRARY OF CONGRESS CALL NUMBER
Classification number HF 5718.22
Item number .S35 2011
082 04 - DEWEY DECIMAL CLASSIFICATION NUMBER
Classification number 658.4/52
100 1# - MAIN ENTRY--PERSONAL NAME
Personal name Schwertly, Scott.
245 10 - TITLE STATEMENT
Title How to be a presentation god :
Remainder of title build, design, and deliver presentations that dominate! /
Statement of responsibility, etc Scott Schwertly.
260 ## - PUBLICATION, DISTRIBUTION, ETC. (IMPRINT)
Place of publication, distribution, etc Hoboken, NJ :
Name of publisher, distributor, etc Wiley,
Date of publication, distribution, etc c2011.
300 ## - PHYSICAL DESCRIPTION
Extent xii, 260 p. :
Other physical details ill. ;
Dimensions 23 cm.
500 ## - GENERAL NOTE
General note Includes index.
520 ## - SUMMARY, ETC.
Summary, etc "You'll find proven and effective step-by-step secrets for delivering transcendent presentations with an easy-to- implement approach focused on engaging content, personal storytelling, and effective design elements" -- Book jacket.
521 ## - TARGET AUDIENCE NOTE
Target audience note
650 #0 - SUBJECT ADDED ENTRY--TOPICAL TERM
Topical term or geographic name as entry element Business presentations.
856 42 - ELECTRONIC LOCATION AND ACCESS
Materials specified Contributor biographical information
Uniform Resource Identifier <a href="http://www.loc.gov/catdir/enhancements/fy1201/2011284174-b.html">http://www.loc.gov/catdir/enhancements/fy1201/2011284174-b.html</a>
856 42 - ELECTRONIC LOCATION AND ACCESS
Materials specified Publisher description
Uniform Resource Identifier <a href="http://www.loc.gov/catdir/enhancements/fy1201/2011284174-d.html">http://www.loc.gov/catdir/enhancements/fy1201/2011284174-d.html</a>
856 41 - ELECTRONIC LOCATION AND ACCESS
Materials specified Table of contents only
Uniform Resource Identifier <a href="http://www.loc.gov/catdir/enhancements/fy1201/2011284174-t.html">http://www.loc.gov/catdir/enhancements/fy1201/2011284174-t.html</a>
906 ## - LOCAL DATA ELEMENT F, LDF (RLIN)
a 7
b cbc
c copycat
d 2
e ncip
f 20
g y-gencatlg
942 ## - ADDED ENTRY ELEMENTS (KOHA)
Source of classification or shelving scheme Library of Congress Classification
Koha item type Books
Call number prefix Foreign
Holdings
Withdrawn status Lost status Source of classification or shelving scheme Damaged status Not for loan Home library Current library Shelving location Date acquired Source of acquisition Total Checkouts Full call number Barcode Date last seen Price effective from Koha item type
    Library of Congress Classification   On Process College Library College Library General Circulation Section 09/03/2014 Donation   HF 5718.22 .S35a 2011 C18558 05/15/2018 09/03/2014 Books

How to be a presentation god :

APA

Schwertly S., . (2011). How to be a presentation god. Hoboken, NJ: Wiley.

Chicago

Schwertly Scott, . 2011. How to be a presentation god. Hoboken, NJ: Wiley.

Harvard

Schwertly S., . (2011). How to be a presentation god. Hoboken, NJ: Wiley.

MLA

Schwertly Scott, . How to be a presentation god. Hoboken, NJ: Wiley. 2011.

  • Place hold
  • Print
  • Cite
  • Add to your cart (remove)
  • Save record
    BIBTEX Dublin Core MARCXML MARC (non-Unicode/MARC-8) MARC (Unicode/UTF-8) MARC (Unicode/UTF-8, Standard) MODS (XML) RIS
  • More searches
    Search for this title in:
    Other Libraries (WorldCat) Other Databases (Google Scholar) Online Stores (Bookfinder.com) Open Library (openlibrary.org)

Exporting to Dublin Core...

SOUTHVILLE LIBRARY

Southville International School and Colleges Library

1281 Tropical Ave. Cor. Luxembourg St., BF Homes International, Las Pinas City

Tel. No. 8256374 / 252358 Loc. 117/146

Powered by Koha